|
|
|
|
| LEADER |
00000nam a2200000 a 4500 |
| 001 |
vtls001371185 |
| 003 |
SK-MaSNL |
| 005 |
20260302000529.0 |
| 008 |
240318sm y0 xo 0 und |
| 035 |
|
|
|a SNK000324987
|
| 040 |
|
|
|a SNK
|b slo
|c SNK
|e AACR2
|
| 044 |
|
|
|a xo
|c SK
|
| 100 |
1 |
|
|a May, Karl,
|d 1842-1912
|4 aut
|9 98469
|
| 245 |
1 |
0 |
|a Spôsob tepelného spracovania odpadu a zariadenie na vykonávanie tohto spôsobu. C 10J 3/20
|
| 260 |
|
|
|a Banská Bystrica
|b Úrad priemyselného vlastníctva SR
|c 1999
|
| 300 |
|
|
|a 7 s.
|
| 999 |
|
|
|c 979963
|d 981893
|
| 952 |
|
|
|t P60, <04>, [BOOK], {604}
|a SNK
|b SNK
|y VYP
|7 0
|p 17A0198779
|o snkSK 279573
|i snkPS 433/99
|0 0
|1 0
|4 0
|d 1999-08-31
|l 0
|r 2005-01-02 00:00:00
|w 2026-02-24
|